000 00809 a2200169 4500
003 Nust
005 20230128135912.0
040 _cNust
082 _a920,BRO
100 _aBrohi.A K
_9108010
245 _aAn Adventure in Self - Expression /
_cA .k Brohi
260 _aKarachi
_bDin Muhammadi Press
300 _a445:p
505 _aMusings under the starry sky (Page-3), Nature and purpose of philosophical studies (Page-23), Reflection on the mound of the dead (Page-61), Our knowledge of the external world (Page-99), The Idea as a historic force (Page-131), Cardinal principle of existential philosophy (Page-171), The goal of ethical endeavour (Page-191), Reverence (Page-207),Reading of some purpose (Page-221), Magic of the spoken word (Page-231).
650 _aBiography
_9461
942 _2ddc
_cBK
999 _c187035
_d187035